Statistics for Some colors of the world

Click here to take the quiz!

General Stats

  • This quiz has been taken 41 times
  • The average score is 3 of 5

Answers on the Map

Answers color-coded by a green-red scale on the quiz's map according to % correct below.
 

Answer Stats

Answer% Correct
Blue
67%
Green
62%
Orange
48%
Purple
48%
Red
33%

Score Distribution

Percentile by Number Answered

Percent of People with Each Score

Your Score History

You have not taken this quiz